| 000 | 00579cam a22002171 4500 | ||
|---|---|---|---|
| 001 | af 48000626 | ||
| 003 | DLC | ||
| 005 | 20260227110844.0 | ||
| 008 | 800424s1944 fr 000 0 fre | ||
| 010 | _aaf 48000626 | ||
| 035 | _a(OCoLC)6241897 | ||
| 040 |
_aDLC _cMiOC _dDLC |
||
| 042 | _apremarc | ||
| 050 | 0 | 0 |
_aPQ306 _b.R6 |
| 100 | 2 |
_aRolland de Renéville, _d1903-1962. |
|
| 245 | 1 | 0 | _aUnivers de la parole. |
| 260 |
_a[Paris] _bGallimard _c[1944] |
||
| 300 |
_a207 p. _c19 cm. |
||
| 650 | 0 |
_aFrench literature _y19th century. |
|
| 650 | 0 |
_aFrench literature _y20th century. |
|
| 999 |
_c4144 _d4144 |
||